Statistics for Start with D, end with D

Click here to take the quiz!

General Stats

  • This quiz has been taken 51 times
  • The average score is 10 of 15

Answer Stats

QuestionAnswer% Correct
He who slain GoliathDavid
98%
Another word for robotDroid
90%
The opposite of multiplied, in mathsDivided
88%
A member of an ancient Celtic priesthoodDruid
88%
A firework, which fails to 'go off'Dud
88%
An actDeed
85%
x2Doubled
85%
Sausage dogDachshund
79%
Not somethings natural colourDyed
79%
When someone is past their best (at work), the boss may want to get rid of the _______Deadwood
56%
Ken ____, famous comedian from Knotty AshDodd
46%
DesiccatedDried
42%
An allotrope of CarbonDiamond
40%
Mahogany for exampleDarkwood
38%
He had a go at something, he ______Dabbled
8%

Score Distribution

Percentile by Number Answered

Percent of People with Each Score

Your Score History

You have not taken this quiz